Normal view MARC view
  • Cowan, Henry J

Entry Personal Name

Number of records used in: 4

001 - CONTROL NUMBER

  • control field: 33055

003 - CONTROL NUMBER IDENTIFIER

  • control field: NUST

005 - DATE AND TIME OF LATEST TRANSACTION

  • control field: 20201020150121.0

008 - FIXED-LENGTH DATA ELEMENTS

  • fixed length control field: 201020|| aca||aabn | a|a d

040 ## - CATALOGING SOURCE

  • Original cataloging agency: NUST
  • Transcribing agency: NUST

100 ## - HEADING--PERSONAL NAME

  • Personal name: Cowan, Henry J

670 ## - SOURCE DATA FOUND

  • Source citation: Work cat.: (NUST)473: The world's greatest buildings :, 1996..
© 2023 Central Library, National University of Sciences and Technology. All Rights Reserved.